Reverse Dictionary #12 - Statistics

General Stats
  • This quiz has been taken 71 times
  • The average score is 18 of 25
Answer Stats
Definition First Letter Word % Correct
A pigmented spot on the skin, a naevus, slightly raised, and sometimes hairy. M Mole
97%
Wealthy: having a lot of money and possessions. R Rich
97%
A period of 100 consecutive years; often specifically a numbered period with conventional start and end dates. C Century
95%
To pick; to select. C Choose
95%
Spectacles, frames bearing two lenses worn in front of the eyes. G Glasses
95%
A very portable, short firearm, for hand use, which fires bullets or projectiles. G Gun
95%
To depart; to separate from. L Leave
95%
Last; ultimate. F Final
94%
To make (the head, skin etc.) bald or (the hair) shorter by using a tool such as a razor or electric clippers to cut the hair close to the skin. S Shave
94%
To prohibit; to interdict; to proscribe; to forbid or block from participation. B Ban
92%
The subatomic particle having a negative charge and orbiting the nucleus. E Electron
89%
An outdoor place acting as temporary accommodation in tents or other temporary structures. C Camp
84%
Any of very many animals (either hermaphroditic or nonhermaphroditic), of the class Gastropoda, having a coiled shell. S Snail
83%
A conveyance; a device for carrying or transporting substances, objects or individuals. V Vehicle
83%
Contained by. I In
79%
The state of moving quickly or the capacity for rapid motion. S Speed
78%
To rend (a solid material) by holding or restraining in two places and pulling apart, whether intentionally or not; to destroy or separate. T Tear
73%
The end of a river out of which water flows into a sea or other large body of water. M Mouth
70%
To glide along without adding energy. C Coast
56%
To cause to revolve by turning over and over; to move by turning on an axis; to impel forward by causing to turn over and over on a supporting surface. R Roll
44%
A commendation or endorsement. R Recommendation
41%
Connection or association. R Relationship
33%
The edge, margin, or border of a steep place, as of a precipice; a bank or edge. B Brink
32%
A lack or deficiency; an insufficient amount. S Shortage
32%
(military) An area designated by boundaries within which a unit operates, and for which it is responsible. S Sector
24%
No matching quizzes found
Score Distribution
Percent of People with Each Score
Percentile by Number Answered
Your Score History
You have not taken this quiz